000 00352nam a22001337a 4500
003 SGT
020 _a9788126727766
082 _a891.4309
_bE15K
100 _aखेमानी, कुसुम
245 _aएक अचम्भा प्रेम
260 _bराजकमल प्रकाशन
_c2015
300 _a127
942 _2ddc
_cBK
999 _c30037
_d30037